Technologické prognózovanie a vybrané trendy technologicko-manažerských a inovačných procesov vo svete
Vstup do problematiky trendov technologicko-manažérskych procesov vo svete. Špecifická úloha technologického prognózovania a foresightu v manažmente podniku. Impulzy aj pre medzinárodnú kooperáciu MSP v inováciách. Vybrané inovačné trendy technologicko-manažérskych procesov vo svete.
Enregistré dans:
| Auteur principal: | |
|---|---|
| Autres auteurs: | |
| Format: | Chapitre de livre |
| Langue: | slovaque |
| Sujets: | |
| Tags: |
Pas de tags, Soyez le premier à ajouter un tag!
|
MARC
| LEADER | 00000naa a2200000 4500 | ||
|---|---|---|---|
| 001 | 0163920 | ||
| 005 | 20220330132634.7 | ||
| 041 | 0 | |a slo | |
| 044 | |a SK | ||
| 245 | 1 | 0 | |a Technologické prognózovanie a vybrané trendy technologicko-manažerských a inovačných procesov vo svete |c Marek Jemala, Ľubomír Jemala |
| 520 | |a Vstup do problematiky trendov technologicko-manažérskych procesov vo svete. Špecifická úloha technologického prognózovania a foresightu v manažmente podniku. Impulzy aj pre medzinárodnú kooperáciu MSP v inováciách. Vybrané inovačné trendy technologicko-manažérskych procesov vo svete. | ||
| 610 | 2 | 0 | |a technológie informačné |
| 610 | 2 | 0 | |a proces informačný |
| 610 | 2 | 0 | |a prognózovanie |
| 610 | 2 | 0 | |a podnik |
| 610 | 2 | 0 | |a manažment informačný |
| 610 | 2 | 0 | |a systémy informačné integrované |
| 610 | 2 | 0 | |a systémy informačné manažérske |
| 100 | 1 | |a Jemala, Marek | |
| 700 | 1 | |a Jemala, Ľubomír | |